Color Logic Puzzle Quiz Stats

 Plays Quiz Updated Dec 14, 2014

Score 0/25 Timer 20:00
11 Plays Today
Hint Answer % Correct
A1



???
100%
B2



???
80%
B4



???
69.9%
A5



???
50.3%
B1



???
44.1%
A2



???
39.9%
B3



???
36.1%
A4



???
33.1%
B5



???
31.3%
C2



???
30.4%
C1



???
29.1%
C4



???
25.2%
A3



???
24.1%
Hint Answer % Correct
E1



???
23.6%
D2



???
22.7%
C3



???
21.5%
D1



???
21.1%
C5



???
20.1%
D4



???
17.6%
E5



???
17.2%
D3



???
15.7%
D5



???
15.6%
E2



???
14.9%
E3



???
14.1%
E4



???
12.6%

You're not logged in!

Compare scores with friends on all Sporcle quizzes.
OR
Log In

Show Comments

Extras

Top Quizzes Today


Score Distribution

Your Account Isn't Verified!

In order to create a playlist on Sporcle, you need to verify the email address you used during registration. Go to your Sporcle Settings to finish the process.

Report this User

Report this user for behavior that violates our Community Guidelines.

Details: